Music Quiz

Random Music or Kpop Quiz
Score 0/28 Timer 08:00
0 Plays Today
Time Song % Correct
:11Like This
94.5%
2:08Gorilla
88.3%
:00Wake Up (intro)
81.8%
1:01It's Over
76.3%
:49Beautiful
74.9%
3:43Critical Beauty
73.6%
4:47Pretty Pretty
70.8%
5:56Can You Feel It
67.1%
:22Thank You
63.4%
4:08Pentagon
59.5%
2:23Cool Rap
58.2%
3:30Organic Song
57.9%
1:28You Are
57%
2:35Lucky
55.4%
Time Song % Correct
2:47Lukewarm
54.3%
1:42Young
50.6%
4:21To Universe
49.9%
1:14Nothing
47.4%
3:56Smile
46.9%
5:28Spectacular
42.8%
5:15Engine
41.4%
:37Lose Yourself
40.5%
5:01When I Was In Love
34%
1:55Stay Crazy
33.8%
4:34Hikari
20.7%
3:02Get Down
20.5%
3:16Just Until Today
14.9%
5:42Find Me
12.9%
Remove Ads.
Support Sporcle.
Get the best of Sporcle when you Go Orange. This ad-free experience offers more features, more stats, and more fun while also helping to support Sporcle. Thank you for becoming a member.

You're not logged in!

Compare scores with friends on all Sporcle quizzes.
OR
Log In

Show Comments

Extras

Created Sep 8, 2017SourceReportNominate
Tags:Kpop Quiz, Kpop Quiz

Top Quizzes Today


Score Distribution

Your Account Isn't Verified!

In order to create a playlist on Sporcle, you need to verify the email address you used during registration. Go to your Sporcle Settings to finish the process.

Report this User

Report this user for behavior that violates our Community Guidelines.

Details: